| 000 | 01056nam0a2200313 4500 | ||
|---|---|---|---|
| 001 | RU\NLR\bibl\1308456 | ||
| 005 | 20250615153209.0 | ||
| 010 |
_a978-5-699-26685-2 _96000 |
||
| 021 |
_aRU _b2008-82221 |
||
| 035 | _a(NLR Aleph) 001293930 | ||
| 090 |
_a576701 _c576701 |
||
| 100 | _a20081216d2008 |||y0rusy50 ca | ||
| 101 | 0 | _arus | |
| 102 | _aRU | ||
| 105 | _ay ||||||||| | ||
| 200 | 1 |
_aТравник _eлучшие рецепты народной медицины _f[авт.-сост. М.А. Изотова и др.] |
|
| 210 |
_aМосква _cЭксмо _d2008 |
||
| 215 |
_a895 с. _d21 |
||
| 606 | 1 |
_aТравники _91200546 _3RU\NLR\auth\66167784 |
|
| 606 | 1 |
_aНародная медицина _xРецепты _92096008 _3RU\NLR\auth\661268178 |
|
| 686 | _aР282.11я972 | ||
| 686 | _aР359.2 | ||
| 702 | 1 |
_aИзотова _bМ. А. _gМаргарита Александровна _4220 |
|
| 801 | 0 |
_aRU _bNLR _c20081216 _gRCR |
|
| 801 | 1 |
_aRU _bNLR _c20081216 |
|
| 830 | _aсост. по эк | ||
| 942 | _cBOOK | ||
| 980 | _aNB | ||